Ekonomika a řízení dopravních podniků

Guardado en:
Detalles Bibliográficos
Autor principal: Šindelář, Josef
Otros Autores: Eisler, Jan, Zelený, Lubomír
Formato: Libro
Lenguaje:checo
Publicado: Praha Nakl. dopr. a spojů 1988
Edición:1. vyd.
Etiquetas: Agregar Etiqueta
Sin Etiquetas, Sea el primero en etiquetar este registro!

MARC

LEADER 00000nam a2200000 4500
001 c031311
005 20221219085116.1
041 0 |a cze 
044 |a CZ 
245 1 0 |a Ekonomika a řízení dopravních podniků  |c Josef Šindelář, Jan Eisler, Lubomír Zelený 
250 |a 1. vyd. 
264 1 |a Praha  |b Nakl. dopr. a spojů  |c 1988 
300 |a 149 s. 
100 1 |a Šindelář, Josef 
700 1 |a Eisler, Jan 
700 1 |a Zelený, Lubomír